MARC details
| 000 -LEADER |
| campo de control de longitud fija |
02276cam a2200421 a 4500 |
| 001 - NÚMERO DE CONTROL |
| campo de control |
92129 |
| 003 - IDENTIFICADOR DE NÚMERO DE CONTROL |
| campo de control |
BJBSDDR |
| 005 - FECHA Y HORA DE LA ÚLTIMA TRANSACCIÓN |
| campo de control |
20230410132920.0 |
| 008 - DATOS DE LONGITUD FIJA--INFORMACIÓN GENERAL |
| campo de control de longitud fija |
971028r1998 nyu b 001 0 eng |
| 010 ## - NÚMERO DE CONTROL DE LA BIBLIOTECA DEL CONGRESO |
| Número de control de LC |
97043470 |
| 020 ## - NÚMERO INTERNACIONAL ESTÁNDAR DEL LIBRO |
| Número Internacional Estándar del Libro |
0374237506 (alk. paper) |
| 020 ## - NÚMERO INTERNACIONAL ESTÁNDAR DEL LIBRO |
| Número Internacional Estándar del Libro |
9780374237509 (alk. paper) |
| 035 ## - NÚMERO DE CONTROL DEL SISTEMA |
| Número de control de sistema |
(OCoLC)ocm37917334 |
| 035 ## - NÚMERO DE CONTROL DEL SISTEMA |
| Número de control de sistema |
(OCoLC)37917334 |
| 040 ## - FUENTE DE CATALOGACIÓN |
| Centro catalogador/agencia de origen |
DLC |
| Centro/agencia transcriptor |
DLC |
| Centro/agencia modificador |
PGC |
| 049 ## - FONDOS LOCALES (OCLC) |
| Biblioteca depositaria |
GRAL |
| 050 14 - SIGNATURA TOPOGRÁFICA DE LA BIBLIOTECA DEL CONGRESO |
| Número de clasificación |
B 1618 |
| Número de ítem |
B515p 1998 |
| 082 00 - NÚMERO DE LA CLASIFICACIÓN DECIMAL DEWEY |
| Número de clasificación |
192 |
| 100 1# - ENTRADA PRINCIPAL--NOMBRE DE PERSONA |
| Nombre de persona |
Berlin, Isaiah, |
| Fechas asociadas al nombre |
1909-1997 |
| 9 (RLIN) |
689 |
| 245 14 - MENCIÓN DEL TÍTULO |
| Título |
The proper study of mankind : |
| Resto del título |
an anthology of essays / |
| Mención de responsabilidad, etc. |
Isaiah Berlin ; edited by Henry Hardy and Roger Hausheer ; with a foreword by Noel Annan ; introduction by Roger Hausheer. |
| 250 ## - MENCION DE EDICION |
| Mención de edición |
1st Farrar, Straus and Giroux ed. |
| 260 ## - PUBLICACIÓN, DISTRIBUCIÓN, ETC. |
| Lugar de publicación, distribución, etc. |
New York : |
| Nombre del editor, distribuidor, etc. |
Farrar, Straus and Giroux, |
| Fecha de publicación, distribución, etc. |
1998. |
| 300 ## - DESCRIPCIÓN FÍSICA |
| Extensión |
xxxvi, 667 p. ; |
| Dimensiones |
24 cm. |
| 500 ## - NOTA GENERAL |
| Nota general |
"First published in 1997 by Chatto & Windus Limited, United Kingdom"--T.p. verso. |
| 504 ## - NOTA DE BIBLIOGRAFÍA, ETC. |
| Nota de bibliografía, etc. |
Includes bibliographical references (p. [639]-644) and index. |
| 505 0# - NOTA DE CONTENIDO CON FORMATO |
| Nota de contenido con formato |
The pursuit of the ideal -- Philosophical foundations : The concept of scientific history ; Does political theory still exist? -- Freedom and determinism : 'From hope and fear set free' ; Historical inevitability -- Political liberty and pluralism : Two concepts of liberty -- History of ideas : The Counter-Enlightenment ; The originality of Machiavelli ; The divorce between the sciences and the humanities -- Herder and the Enlightenment -- Russian writers : The hedghog and the fox -- Herzen and his memoirs ; Conversations with Akhmatova and Pasternak -- Romanticism and nationalism in the modern age : The apotheosis of the romantic will ; Nationalism : past neglect and present power -- Twentieth-century figures : Winston Churchill in 1940 ; President Franklin Delano Roosevelt. |
| 650 #0 - PUNTO DE ACCESO ADICIONAL DE MATERIA--TÉRMINO DE MATERIA |
| Término de materia o nombre geográfico como elemento de entrada |
Human beings. |
| 650 #0 - PUNTO DE ACCESO ADICIONAL DE MATERIA--TÉRMINO DE MATERIA |
| Término de materia o nombre geográfico como elemento de entrada |
Philosophical anthropology. |
| 650 #0 - PUNTO DE ACCESO ADICIONAL DE MATERIA--TÉRMINO DE MATERIA |
| Término de materia o nombre geográfico como elemento de entrada |
Philosophy. |
| 650 #0 - PUNTO DE ACCESO ADICIONAL DE MATERIA--TÉRMINO DE MATERIA |
| Término de materia o nombre geográfico como elemento de entrada |
Political science |
| Subdivisión general |
Philosophy. |
| 650 #4 - PUNTO DE ACCESO ADICIONAL DE MATERIA--TÉRMINO DE MATERIA |
| Término de materia o nombre geográfico como elemento de entrada |
Antropología filosófica. |
| 9 (RLIN) |
79 |
| 650 #0 - PUNTO DE ACCESO ADICIONAL DE MATERIA--TÉRMINO DE MATERIA |
| Término de materia o nombre geográfico como elemento de entrada |
Filosofía |
| 9 (RLIN) |
1108 |
| 650 #4 - PUNTO DE ACCESO ADICIONAL DE MATERIA--TÉRMINO DE MATERIA |
| Término de materia o nombre geográfico como elemento de entrada |
Filosofía política |
| 9 (RLIN) |
3409 |
| 650 #4 - PUNTO DE ACCESO ADICIONAL DE MATERIA--TÉRMINO DE MATERIA |
| Término de materia o nombre geográfico como elemento de entrada |
Seres humanos |
| 9 (RLIN) |
3599 |
| 700 1# - ENTRADA AGREGADA--NOMBRE PERSONAL |
| Nombre de persona |
Hardy, Henry |
| 9 (RLIN) |
3453 |
| Forma completa/desarrollada del nombre |
(Robert Dugdale Hardy), |
| Fechas asociadas al nombre |
1949- |
| 700 1# - ENTRADA AGREGADA--NOMBRE PERSONAL |
| Nombre de persona |
Hausheer, Roger. |
| 9 (RLIN) |
3598 |
| 942 ## - ELEMENTOS DE ENTRADA SECUNDARIOS (KOHA) |
| Fuente del sistema de clasificación o colocación |
Clasificación de Library of Congress |
| Tipo de ítem Koha |
Libro |